000 00803nam a2200253Ia 4500
003 OSt
005 20221005084916.0
006 a|||||r|||| 00| 0
007 ta
008 221004b |||||||| |||| 00| 0 eng d
020 _a9780231183994 (pbk)
_cUSD 35.00
024 _a44059
037 _b9043, 18/03/2019, The Book Seller
_cTextual
040 _aCRL
_cCRL
_beng
041 _2eng
_aeng
082 _aR841, Q7
100 _aMoeller Hans Georg Au.
_9613690
245 0 _aGenuine pretending on the philosophy of the zhuanngzi
260 _aNew York
_bCambridge University press USA
_c2017
300 _ax,221p.
_ccm.
650 _aCHINESE PHILOSOPHY
_9570487
942 _hR841, Q7
_cTEXL
_2cc
999 _c993290
_d993290